Plant structure and classification / (Record no. 49282)
| 000 -LEADER | |
|---|---|
| fixed length control field | 00387nam a2200133 4500 |
| 020 ## - INTERNATIONAL STANDARD BOOK NUMBER | |
| International Standard Book Number | 9780716628231 |
| 100 ## - MAIN ENTRY--PERSONAL NAME | |
| Personal name | Midthun, Joseph |
| 9 (RLIN) | 86521 |
| 245 ## - TITLE STATEMENT | |
| Title | Plant structure and classification / |
| Statement of responsibility, etc | Joseph Midthun |
| 260 ## - PUBLICATION, DISTRIBUTION, ETC. (IMPRINT) | |
| Place of publication, distribution, etc | Chicago |
| Name of publisher, distributor, etc | World Book |
| Date of publication, distribution, etc | 2014 |
| 300 ## - PHYSICAL DESCRIPTION | |
| Extent | 32 p. |
| Other physical details | col. ill. |
| Dimensions | 25 cm. |
| 490 ## - SERIES STATEMENT | |
| Series statement | Building Blocks of Science |
| 650 ## - SUBJECT ADDED ENTRY--TOPICAL TERM | |
| Topical term or geographic name as entry element | Plant Structure |
| 9 (RLIN) | 86532 |
| 942 ## - ADDED ENTRY ELEMENTS (KOHA) | |
| Source of classification or shelving scheme | |
| Koha item type | Books/GRAPHICS |
| Withdrawn status | Lost status | Source of classification or shelving scheme | Damaged status | Not for loan | Collection code | Home library | Current library | Date acquired | Total Checkouts | Full call number | Barcode | Date last seen | Price effective from | Koha item type |
|---|---|---|---|---|---|---|---|---|---|---|---|---|---|---|
| TEACHERS' RESOURCES | Asian Hope Early Years Library | Asian Hope Early Years Library | 08/13/2025 | GRAPHIX 571.3 MID | 208546 | 08/13/2025 | 08/13/2025 | Books/GRAPHICS |